Music Quiz

Random Music or Artist Quiz

Music Artist by Trading Card Wrapper Quiz Stats

 Plays Quiz not verified by Sporcle

Score 0/20 Timer 03:00
0 Plays Today
% Correct
Michael Jackson
96.1%
KISS
95.7%
Justin Bieber
91.3%
The Beatles
89.4%
Cyndi Lauper
89%
Ricky Martin
88.2%
Beach Boys
88.2%
ABBA
87.8%
Spice Girls
87.8%
Bobby Sherman
86.2%
% Correct
Elvis Presley
84.6%
The Rolling Stones
83.5%
Bob Marley
83.1%
One Direction
76.8%
The Osmonds
75.6%
Backstreet Boys
62.6%
New Kids on the Block
61.4%
Bay City Rollers
60.2%
Duran Duran
51.2%
Menudo
49.6%

You're not logged in!

Compare scores with friends on all Sporcle quizzes.
OR
Log In

Sporcle TV

Today on Sporcle TV


Watch our educational content, quiz creation guides, and fun videos on Sporcle TV.

Show Comments

Extras

Top Quizzes Today


Score Distribution

Your Account Isn't Verified!

In order to create a playlist on Sporcle, you need to verify the email address you used during registration. Go to your Sporcle Settings to finish the process.

Report this User

Report this user for behavior that violates our Community Guidelines.

Details: